| 000 | 01409nam a22004217a 4500 | ||
|---|---|---|---|
| 003 | OSt | ||
| 005 | 20230607102712.0 | ||
| 008 | 221006b |||||||| |||| 00| 0 eng d | ||
| 040 | _cBiblioteca Lado V | ||
| 082 |
_a800 _bQ7e |
||
| 100 |
_9842 _aQuintanilla Armijo, Raúl _eeditor |
||
| 245 |
_aEstrago/ _bpequeña unidad de agresión cooltural/ |
||
| 260 |
_aNicaragua _c2006 _bGarabatos |
||
| 300 |
_c21x22cm _a100p. |
||
| 366 | _espa | ||
| 490 |
_a3 _v2006 |
||
| 505 | _aWeichsellstrasse, 3:35 p.m. | ||
| 505 | _aAlgunas veces he muerto | ||
| 505 | _aAncestras | ||
| 505 | _aDetrás de la postal del tucán | ||
| 505 | _aAmado | ||
| 505 | _aAves patagonica | ||
| 505 | _aEpistola para norbet | ||
| 505 | _aEl hijo del conde se queda | ||
| 505 | _aLa luna se asomo blanca | ||
| 505 | _aEl espacio transcultural en la obra de Diego Romero | ||
| 505 | _aEl caballito de mar y la coral | ||
| 505 | _aTrazos en el agua | ||
| 505 | _aYo también quiero morir en un atentado terrorista | ||
| 505 | _aEspora | ||
| 505 | _aEstrago 3 | ||
| 650 |
_2Tesauro de Arte & Arquitectura _aARTE _9703 |
||
| 650 |
_2Tesauro de Arte & Arquitectura _aLiteratura _9702 |
||
| 650 |
_2Tesauro de Arte & Arquitectura _aPOESIA _9702 |
||
| 650 |
_2Tesauro de Arte & Arquitectura _aNARRACION |
||
| 650 |
_2Tesauro de Arte & Arquitectura _aESPAÑOL |
||
| 942 |
_2ddc _c1 _h800 _iQ7e _n0 |
||
| 999 |
_c3800 _d3800 |
||